000 01115nam a22002897a 4500
001 6237
003 FISKH
005 20250403160104.0
008 250403b cb ||||| |||| 00| 0 eng d
020 _a9781408805749
040 _aFISKH
_beng
_cFISKH
_dFISKH
050 _aPZ7.M35672 .C353
082 _a823.92
100 _aCaldecott, Elen
245 _aHow Ali Ferguson saved Houdini /
_cElen Caldecott
250 _aThis edition first published in 2010
260 _aLondon :
_bBloomsbury,
_c2010
300 _a209 pages :
_c20 cm
505 _aJ
520 _aAli has just moved into Lever Tower with his mum. He soon meets Caitlin, Gez and an Alsatian called Falcon. Together they set out to discover why the foxes have disappeared from the area, why the owls have appeared, and why Miss Osborne has vanished... With the help of his friends and Caitlin's dad, Ali and his mum begin to feel happy in their new life without Ali's dad.
521 8 _a430
_bLexile
521 8 _aJ
_bRaz-Plus
650 _2Saving
_aFriendship
650 _2Dad
_aMoving
942 _2ddc
_cBK
_n0
999 _c6237
_d6237